[Event "Kimry Summer op 69th"]
[Site "Kimry"]
[Date "2014.06.09"]
[Round "3"]
[White "Kobozeva, Viktoria"]
[Black "Krylov, Ivan"]
[Result "0-1"]
[WhiteElo "1975"]
[BlackElo "2276"]
[PlyCount "96"]
[EventDate "2014.06.08"]
[EventType "swiss"]
[EventRounds "7"]
[EventCountry "RUS"]
[SourceTitle "OM OTB B 201907"]
[Source "Opening Master"]
[SourceDate "2019.07.06"]
[SourceVersion "2"]
[SourceVersionDate "2019.07.06"]
[SourceQuality "1"]

1. e4 c5 2. Nf3 d6 3. d4 cxd4 4. Nxd4 Nf6 5. Nc3 Nc6 6. Be2 e5 7. Nb3 Be7 8.
O-O O-O 9. Be3 a5 10. a3 Be6 11. Nd2 Rc8 12. Nc4 Nd4 13. Bxd4 Bxc4 14. Be3 Bxe2
15. Qxe2 d5 16. exd5 Nxd5 17. Nxd5 Qxd5 18. Rfd1 Qc6 19. Rd2 f5 20. f3 Rfd8 21.
Rad1 e4 22. fxe4 Qxe4 23. Rxd8+ Rxd8 24. Rxd8+ Bxd8 25. Qd2 Bc7 26. Qc3 h5 27.
Qxc7 Qxe3+ 28. Kf1 Qe4 29. Qc5 h4 30. Qc3 h3 31. Qxh3 Qxc2 32. b4 axb4 33. axb4
Qb1+ 34. Kf2 Qb2+ 35. Kf1 Qxb4 36. Qxf5 Qc4+ 37. Ke1 b5 38. Qb1 b4 39. Qb2 Kf7
40. Qf2+ Ke6 41. Qe3+ Kd5 42. Qg5+ Ke4 43. Qg6+ Kd4 44. Qxg7+ Kd3 45. Qg3+ Kc2
46. Qg6+ Kb2 47. g4 b3 48. g5 Qc1+ 0-1

[Event "FICS rated standard game"]
[Site "FICS freechess.org"]
[Date "2014.06.07"]
[Round "?"]
[White "daustrgn"]
[Black "GnuCheese"]
[Result "1-0"]
[WhiteElo "2259"]
[BlackElo "2461"]
[PlyCount "217"]
[EventDate "2014.??.??"]

1. e4 c5 2. Nf3 d6 3. d4 cxd4 4. Nxd4 Nf6 5. Nc3 Nc6 6. Be2 e5 7. Nf3 h6 8. O-O
Be7 9. Re1 O-O 10. Bf1 Qa5 11. Bd2 Qd8 12. Bc1 Qa5 13. Bd2 Qd8 14. Nd5 Bg4 15.
h3 Bh5 16. c4 Nxd5 17. cxd5 Bxf3 18. Qxf3 Nd4 19. Qd3 Rc8 20. Bc3 Qb6 21. g3 a5
22. h4 Rc5 23. Rac1 Nb5 24. Rb1 Nxc3 25. bxc3 Qc7 26. c4 Rb8 27. Qf3 Bd8 28.
Rb2 Qd7 29. Reb1 b6 30. Be2 Bc7 31. Rb5 Rc8 32. Qh5 Ra8 33. a4 Kh7 34. Qf3 Rf8
35. Rxc5 bxc5 36. Rb7 Rb8 37. Rb5 Rd8 38. Qb3 Ra8 39. Kg2 Kg8 40. Qf3 Rb8 41.
Qc3 Re8 42. Qd2 f5 43. Bh5 Rf8 44. Qe2 Bd8 45. Bg6 fxe4 46. Qxe4 Qc8 47. Bh5
Rf6 48. f4 Qc7 49. fxe5 dxe5 50. Be2 g6 51. h5 gxh5 52. Bxh5 Kh8 53. Be2 Rf7
54. Qg6 Rf6 55. Qe8+ Kg7 56. Bd3 Rf7 57. Qe6 Rf6 58. Qg4+ Kh8 59. Qe2 Kg8 60.
Qh5 Kh8 61. Be4 Kg7 62. d6 Qxd6 63. Rb7+ Kf8 64. Bd5 Be7 65. Qg4 Rf7 66. Ra7 e4
67. Bxf7 Kxf7 68. Qxe4 Qd2+ 69. Kh3 Qd6 70. Rxa5 Qd7+ 71. g4 h5 72. Qh7+ Kf6
73. Qh8+ Kf7 74. Qxh5+ Kg7 75. Qd5 Qxd5 76. cxd5 c4 77. Ra7 Kf8 78. Rc7 Bd8 79.
Rxc4 Kf7 80. Re4 Kf6 81. Re6+ Kf7 82. Ra6 Bg5 83. Kg3 Ke7 84. Kf3 Kd7 85. Ke4
Bd8 86. Ke5 Bg5 87. Ra7+ Kc8 88. Ke6 Be3 89. Rf7 Bc1 90. d6 Bd2 91. d7+ Kc7 92.
Rf5 Bb4 93. Rb5 Ba3 94. g5 Bf8 95. g6 Bh6 96. Rc5+ Kb6 97. Rc8 Bg5 98. g7 Bh4
99. g8=Q Bf6 100. Qg1+ Ka5 101. Qa7+ Kb4 102. Qb6+ Ka3 103. a5 Bd4 104. Qb5 Bc5
105. a6 Ka2 106. Rb8 Bb6 107. a7 Ka3 108. a8=R+ Ba5 109. Rxa5# 1-0

[Event "Voronezh Rating op 06"]
[Site "Voronezh"]
[Date "2014.06.06"]
[Round "7"]
[White "Kholodov, Vladimir"]
[Black "Provkin, Vladimir"]
[Result "0-1"]
[WhiteElo "1998"]
[BlackElo "2149"]
[PlyCount "96"]
[EventDate "2014.05.30"]
[EventType "swiss"]
[EventRounds "7"]
[EventCountry "RUS"]
[SourceTitle "OM OTB B 201907"]
[Source "Opening Master"]
[SourceDate "2019.07.06"]
[SourceVersion "2"]
[SourceVersionDate "2019.07.06"]
[SourceQuality "1"]

1. e4 c5 2. Nf3 d6 3. d4 Nf6 4. Nc3 cxd4 5. Nxd4 Nc6 6. Be2 e5 7. Nb3 Be7 8.
O-O O-O 9. f4 exf4 10. Bxf4 Ne5 11. Qd4 Ng6 12. Bg3 Be6 13. Rad1 Ne8 14. Nd5
Bxd5 15. Qxd5 Qc7 16. c3 Ne5 17. Bxe5 dxe5 18. Rf5 Rd8 19. Qa5 b6 20. Qa6 Nf6
21. Rxd8 Rxd8 22. Qc4 Rd1+ 23. Rf1 Rxf1+ 24. Kxf1 Qxc4 25. Bxc4 Nxe4 26. Ke2 g6
27. Nd2 Nd6 28. Bd5 Kg7 29. Nc4 Nxc4 30. Bxc4 f5 31. b4 h5 32. h3 e4 33. Bd5
Bd6 34. Bc6 Kf8 35. Ke3 Be5 36. c4 Bc3 37. b5 Ke7 38. g4 Kf6 39. Be8 hxg4 40.
hxg4 Ke5 41. Bxg6 f4+ 42. Ke2 f3+ 43. Ke3 Bd4+ 44. Kd2 Kf4 45. Ke1 e3 46. Bd3
Kxg4 47. a4 Kf4 48. Kf1 Bc3 0-1

[Event "Sarajevo Bosna op-B 44th"]
[Site "Sarajevo"]
[Date "2014.06.01"]
[Round "3"]
[White "Nestorovic, Katarina"]
[Black "Stojkovska, Monika"]
[Result "0-1"]
[WhiteElo "1586"]
[BlackElo "2001"]
[PlyCount "102"]
[EventDate "2014.05.30"]
[EventType "swiss"]
[EventRounds "9"]
[EventCountry "BIH"]
[SourceTitle "OM OTB B 201907"]
[Source "Opening Master"]
[SourceDate "2019.07.06"]
[SourceVersion "2"]
[SourceVersionDate "2019.07.06"]
[SourceQuality "1"]

1. e4 c5 2. Nf3 d6 3. d4 cxd4 4. Nxd4 Nf6 5. Nc3 Nc6 6. Be2 e5 7. Nf3 h6 8. O-O
Be7 9. h3 Be6 10. Re1 O-O 11. Bf1 Qd7 12. Nd5 Bd8 13. c4 Rc8 14. Bd2 Bxd5 15.
exd5 Ne7 16. b4 e4 17. Nd4 a6 18. a4 Bb6 19. Be3 a5 20. Nc2 Bxe3 21. Rxe3 axb4
22. Rb3 Rc5 23. Rxb4 Rfc8 24. Nd4 R8c7 25. Nb3 Nexd5 26. Nxc5 dxc5 27. Rb3 Nb4
28. Qxd7 Rxd7 29. Rb2 Rd4 30. f3 exf3 31. gxf3 Nd7 32. Be2 Ne5 33. Rd1 Rxd1+
34. Bxd1 Nxc4 35. Re2 Kf8 36. Re4 Nd6 37. Re2 c4 38. Rb2 Nd3 39. Rd2 Ke7 40.
Be2 Nf4 41. Bf1 Ke6 42. Kf2 Ke5 43. Ke3 Nd5+ 44. Kf2 c3 45. Rc2 Kd4 46. Be2 Nb4
47. Rc1 c2 48. Bf1 Nd3+ 49. Bxd3 Kxd3 50. Ke1 Kc3 51. Ke2 Kb2 0-1

[Event "Sarajevo Bosna op-A 44th"]
[Site "Sarajevo"]
[Date "2014.05.30"]
[Round "1"]
[White "Solomunovic, Igor"]
[Black "Draganic, Veljko"]
[Result "1-0"]
[WhiteElo "2448"]
[BlackElo "2253"]
[PlyCount "69"]
[EventDate "2014.05.30"]
[EventType "swiss"]
[EventRounds "9"]
[EventCountry "BIH"]
[SourceTitle "OM OTB B 201907"]
[Source "Opening Master"]
[SourceDate "2019.07.06"]
[SourceVersion "2"]
[SourceVersionDate "2019.07.06"]
[SourceQuality "1"]

1. e4 c5 2. Nf3 Nc6 3. Nc3 d6 4. d4 cxd4 5. Nxd4 Nf6 6. Be2 e5 7. Nb3 Be7 8.
O-O O-O 9. f4 a5 10. a4 Nb4 11. Kh1 Bd7 12. Bf3 Rc8 13. Be3 Bc6 14. Rf2 Qc7 15.
Rd2 b6 16. Qg1 Nd7 17. fxe5 Nxe5 18. Bxb6 Qb8 19. Nxa5 f5 20. Nxc6 Rxc6 21. a5
Nxf3 22. gxf3 fxe4 23. fxe4 Bf6 24. Bd4 Qb7 25. Rf1 Kh8 26. Bxf6 gxf6 27. Qd4
d5 28. exd5 Rd6 29. Rf4 Nc6 30. dxc6 Rxd4 31. cxb7 Rxf4 32. a6 Rb4 33. Rd7 Rg8
34. a7 Rbg4 35. Rd1 1-0

[Event "Orlova op-A"]
[Site "Orlova"]
[Date "2014.05.27"]
[Round "2"]
[White "Sramek, Ondrej"]
[Black "Dziodzio, Angelika"]
[Result "1/2-1/2"]
[WhiteElo "1741"]
[BlackElo "1948"]
[PlyCount "80"]
[EventDate "2014.05.26"]
[EventType "swiss"]
[EventRounds "9"]
[EventCountry "CZE"]
[SourceTitle "OM OTB B 201907"]
[Source "Opening Master"]
[SourceDate "2019.07.06"]
[SourceVersion "2"]
[SourceVersionDate "2019.07.06"]
[SourceQuality "1"]

1. e4 c5 2. Nf3 d6 3. d4 cxd4 4. Nxd4 Nf6 5. Nc3 Nc6 6. Be2 e5 7. Nb3 Be7 8.
O-O O-O 9. Be3 a5 10. Nd2 d5 11. exd5 Nxd5 12. Nxd5 Qxd5 13. Nc4 Qxd1 14. Raxd1
Be6 15. c3 h6 16. h3 g5 17. Nb6 Rad8 18. Bc4 Bxc4 19. Nxc4 b5 20. Nb6 Rxd1 21.
Rxd1 Kg7 22. Rd7 Bd8 23. Rd6 Ne7 24. g4 Re8 25. Nd5 Ng6 26. Bb6 Bxb6 27. Rxb6
b4 28. cxb4 Rd8 29. Ne3 axb4 30. Rxb4 Nf4 31. Nf5+ Kh7 32. Rb3 Rd1+ 33. Kh2 Rd2
34. Kg3 e4 35. Rb4 Ne2+ 36. Kg2 Nf4+ 37. Kg3 Ne2+ 38. Kg2 Nf4+ 39. Kg3 Ne2+ 40.
Kg2 Nf4+ 1/2-1/2

[Event "Chicago op 23rd"]
[Site "Wheeling"]
[Date "2014.05.25"]
[Round "6"]
[White "Harmon Vellotti, Luke"]
[Black "Corrales Jimenez, Fidel"]
[Result "1/2-1/2"]
[WhiteElo "2396"]
[BlackElo "2577"]
[PlyCount "83"]
[EventDate "2014.05.22"]
[EventType "swiss"]
[EventRounds "9"]
[EventCountry "USA"]
[SourceTitle "OM OTB B 201907"]
[Source "Opening Master"]
[SourceDate "2019.07.06"]
[SourceVersion "2"]
[SourceVersionDate "2019.07.06"]
[SourceQuality "1"]

1. e4 c5 2. Nf3 Nc6 3. d4 cxd4 4. Nxd4 Nf6 5. Nc3 d6 6. Be2 e5 7. Nb3 Be7 8.
O-O O-O 9. Be3 a5 10. a4 Nb4 11. f4 Be6 12. Kh1 Rc8 13. Bf3 d5 14. fxe5 Nxe4
15. Bxe4 dxe4 16. Nd4 Qc7 17. Qh5 g6 18. Nxe6 fxe6 19. Qg4 Nxc2 20. Qxe6+ Kg7
21. Rxf8 Rxf8 22. Nd5 Qd8 23. h3 Nxe3 24. Nxe3 Bg5 25. Rd1 Qc8 26. Qb6 Re8 27.
Ng4 Qf5 28. Qb5 Re7 29. Rf1 Qe6 30. Rf6 Qc8 31. Rf1 h5 32. Nf6 e3 33. Ne4 Bh6
34. Qd5 Qe6 35. Qd8 Rf7 36. Nf6 Rf8 37. Qc7+ Rf7 38. Qd8 Re7 39. Nd5 Rf7 40.
Nf6 Re7 41. Nd5 Rf7 42. Nf6 1/2-1/2

[Event "FICS rated standard game"]
[Site "FICS freechess.org"]
[Date "2014.05.17"]
[Round "?"]
[White "belalchess"]
[Black "doctorweb"]
[Result "0-1"]
[WhiteElo "2079"]
[BlackElo "2384"]
[PlyCount "20"]
[EventDate "2014.??.??"]

1. e4 c5 2. Nf3 d6 3. d4 cxd4 4. Nxd4 Nf6 5. Nc3 Nc6 6. Be2 e5 7. Nb3 Be7 8.
Nd5 Nxe4 9. Bf3 Nf6 10. Bg5 Nxd5 0-1

[Event "Novokuznetsk-ch"]
[Site "Novokuznetsk"]
[Date "2014.05.10"]
[Round "8"]
[White "Shamne, Anton"]
[Black "Sukiasyan, Artem"]
[Result "1-0"]
[WhiteElo "2177"]
[BlackElo "2007"]
[PlyCount "83"]
[EventDate "2014.05.01"]
[EventType "swiss"]
[EventRounds "9"]
[EventCountry "RUS"]
[SourceTitle "OM OTB B 201907"]
[Source "Opening Master"]
[SourceDate "2019.07.06"]
[SourceVersion "2"]
[SourceVersionDate "2019.07.06"]
[SourceQuality "1"]

1. e4 c5 2. Nf3 Nc6 3. d4 cxd4 4. Nxd4 Nf6 5. Nc3 d6 6. Be2 e5 7. Nb3 Be7 8.
Be3 O-O 9. g4 a5 10. a4 Nb4 11. g5 Nd7 12. h4 Nb6 13. Qd2 Be6 14. O-O-O Rc8 15.
Bxb6 Qxb6 16. Qe3 Qc7 17. Kb1 Rfd8 18. Rd2 d5 19. Nxd5 Bxd5 20. exd5 Rxd5 21.
c3 Rxd2 22. Nxd2 Nd5 23. Qf3 Rd8 24. Ne4 Nb6 25. Bb5 Nc4 26. Qe2 Nd6 27. Bd3
Qc6 28. Qc2 Nc4 29. Rg1 Qd5 30. Bxc4 Qxc4 31. Re1 b5 32. axb5 Qxb5 33. c4 Qb4
34. Qc3 Qb8 35. c5 Qc7 36. f3 Rd5 37. Rc1 a4 38. c6 a3 39. b3 a2+ 40. Kxa2 Ra5+
41. Kb1 Ba3 42. Qxa5 1-0

[Event "Hessen-ch op Seniors 10th"]
[Site "Bad Sooden"]
[Date "2014.05.03"]
[Round "8"]
[White "Arp, Frans"]
[Black "Gebuhr, Guenter"]
[Result "1-0"]
[WhiteElo "2028"]
[BlackElo "1980"]
[PlyCount "99"]
[EventDate "2014.04.26"]
[EventType "swiss"]
[EventRounds "9"]
[EventCountry "GER"]
[SourceTitle "OM OTB B 201907"]
[Source "Opening Master"]
[SourceDate "2019.07.06"]
[SourceVersion "2"]
[SourceVersionDate "2019.07.06"]
[SourceQuality "1"]

1. e4 c5 2. Nf3 Nc6 3. d4 cxd4 4. Nxd4 Nf6 5. Nc3 d6 6. Be2 e5 7. Nb3 Be7 8.
O-O Be6 9. Be3 d5 10. exd5 Nxd5 11. Nxd5 Qxd5 12. c3 Qxd1 13. Rfxd1 Bxb3 14.
axb3 a6 15. b4 Rd8 16. b5 Rxd1+ 17. Rxd1 axb5 18. Bxb5 f6 19. Kf1 f5 20. Rd5 f4
21. Bc5 Bxc5 22. Rxc5 Kd7 23. Rxe5 Rf8 24. c4 Kd6 25. Rd5+ Ke6 26. h4 Rf7 27.
Ke2 Ne5 28. Rd8 f3+ 29. gxf3 Nxf3 30. Re8+ Kd6 31. Re4 Ne5 32. Rd4+ Kc7 33. h5
h6 34. f4 Nc6 35. Bxc6 bxc6 36. Kf3 Re7 37. b4 Re1 38. Re4 Rf1+ 39. Kg4 Rg1+
40. Kf5 Kd7 41. c5 Rg2 42. Rd4+ Kc7 43. Ke6 Rh2 44. Rd7+ Kc8 45. Rxg7 Rxh5 46.
f5 Rh2 47. f6 Re2+ 48. Kd6 Rf2 49. f7 Rf6+ 50. Ke5 1-0

[Event "Cuernavaca Sisniega Memorial"]
[Site "Cuernavaca"]
[Date "2014.05.03"]
[Round "8"]
[White "Miranda Mesa, Elier"]
[Black "Figueredo Losada, Leonel"]
[Result "1-0"]
[WhiteElo "2449"]
[BlackElo "2336"]
[PlyCount "65"]
[EventDate "2014.04.29"]
[EventType "swiss"]
[EventRounds "9"]
[EventCountry "MEX"]
[SourceTitle "OM OTB B 201907"]
[Source "Opening Master"]
[SourceDate "2019.07.06"]
[SourceVersion "2"]
[SourceVersionDate "2019.07.06"]
[SourceQuality "1"]

1. e4 c5 2. Nf3 Nc6 3. d4 cxd4 4. Nxd4 Nf6 5. Nc3 d6 6. Be2 e5 7. Nf3 h6 8. O-O
Be6 9. Re1 Be7 10. Bf1 O-O 11. Nd5 Re8 12. h3 Bf8 13. c4 Bc8 14. Qa4 Bd7 15.
Qb3 b6 16. Bd2 Nh7 17. Rad1 Ng5 18. Nxg5 hxg5 19. Qg3 f6 20. Be2 Be6 21. Bh5
Bf7 22. Bxf7+ Kxf7 23. h4 gxh4 24. Qxh4 Ne7 25. Bb4 Nxd5 26. Rxd5 Qc7 27. b3
Rad8 28. Red1 Be7 29. Qh5+ Kf8 30. R1d3 Qd7 31. Rh3 Qe6 32. Qg6 Qg8 33. Rh7 1-0

[Event "Maicao op 3rd"]
[Site "Maicao"]
[Date "2014.05.03"]
[Round "5"]
[White "Berdugo Guihur, Jimkey"]
[Black "Tovio, Israel"]
[Result "0-1"]
[WhiteElo "1865"]
[BlackElo "2316"]
[PlyCount "94"]
[EventDate "2014.05.01"]
[EventType "swiss"]
[EventRounds "7"]
[EventCountry "COL"]
[SourceTitle "OM OTB B 201907"]
[Source "Opening Master"]
[SourceDate "2019.07.06"]
[SourceVersion "2"]
[SourceVersionDate "2019.07.06"]
[SourceQuality "1"]

1. e4 c5 2. Nf3 Nf6 3. Nc3 d6 4. d4 cxd4 5. Nxd4 Nc6 6. Be2 e5 7. Nb3 Be7 8.
O-O O-O 9. Be3 a5 10. f3 a4 11. Nd2 a3 12. b3 Nb4 13. Nc4 Be6 14. Nb6 Ra5 15.
Nc4 Ra8 16. Nb6 Rb8 17. Nbd5 Bxd5 18. Nxd5 Nfxd5 19. exd5 Qa5 20. c4 Bd8 21.
Qd2 Bb6 22. Rfc1 Bc5 23. Kf2 b6 24. Bxc5 bxc5 25. g4 Qd8 26. Kg3 f5 27. Rf1 Qf6
28. h4 fxg4 29. fxg4 Qg6 30. Rae1 Qc2 31. Qxc2 Nxc2 32. Rxf8+ Rxf8 33. Rc1 Nb4
34. Bf3 Rf4 35. Re1 Rd4 36. Re2 g6 37. Rf2 Kg7 38. h5 gxh5 39. gxh5 Rf4 40. Rg2
Kh6 41. Rd2 Kg5 42. Re2 Kf5 43. Rf2 h6 44. Rd2 e4 45. Bg2 Rg4+ 46. Kh3 e3 47.
Re2 Kf4 0-1

[Event "Metz op 32nd"]
[Site "Metz"]
[Date "2014.05.03"]
[Round "1"]
[White "Doluhanova, Evgeniya"]
[Black "Vovk, Andrey"]
[Result "0-1"]
[WhiteElo "2336"]
[BlackElo "2622"]
[PlyCount "72"]
[EventDate "2014.05.03"]
[EventType "swiss"]
[EventRounds "9"]
[EventCountry "FRA"]
[SourceTitle "OM OTB B 201907"]
[Source "Opening Master"]
[SourceDate "2019.07.06"]
[SourceVersion "2"]
[SourceVersionDate "2019.07.06"]
[SourceQuality "1"]

1. e4 c5 2. Nf3 d6 3. d4 cxd4 4. Nxd4 Nf6 5. Nc3 Nc6 6. Be2 e5 7. Nb3 Be7 8.
O-O O-O 9. f4 a5 10. Kh1 a4 11. Nd2 Nd4 12. Nf3 Nxe2 13. Qxe2 Qc7 14. fxe5 dxe5
15. Bg5 Be6 16. Bxf6 Bxf6 17. Qe3 Rfc8 18. a3 Qc5 19. Qxc5 Rxc5 20. Ne1 Be7 21.
Nd3 Rc7 22. Nxe5 Bf6 23. Rxf6 gxf6 24. Nd3 Rd8 25. Nb4 f5 26. exf5 Bxf5 27.
Nbd5 Rc5 28. Ne7+ Kf8 29. Nxa4 Re5 30. Nxf5 Rxf5 31. b4 Ra8 32. g4 Rf4 33. Nb6
Rd8 34. g5 Rd2 35. Re1 Rh4 36. Kg1 Rhxh2 0-1

[Event "Cuernavaca Sisniega Memorial"]
[Site "Cuernavaca"]
[Date "2014.05.02"]
[Round "6"]
[White "Sanchez Ones, Yeny"]
[Black "Della Morte, Pablo"]
[Result "1-0"]
[WhiteElo "2061"]
[BlackElo "2381"]
[PlyCount "115"]
[EventDate "2014.04.29"]
[EventType "swiss"]
[EventRounds "9"]
[EventCountry "MEX"]
[SourceTitle "OM OTB B 201907"]
[Source "Opening Master"]
[SourceDate "2019.07.06"]
[SourceVersion "2"]
[SourceVersionDate "2019.07.06"]
[SourceQuality "1"]

1. e4 c5 2. Nf3 d6 3. d4 cxd4 4. Nxd4 Nf6 5. Nc3 Nc6 6. Be2 e5 7. Nb3 Be7 8.
O-O O-O 9. Kh1 Be6 10. f4 a5 11. f5 Bd7 12. a4 Nb4 13. Bg5 Bc6 14. Bf3 Rc8 15.
Qe2 h6 16. Bh4 b6 17. Rfd1 Nh7 18. Bxe7 Qxe7 19. Rd2 Nf6 20. Rad1 Rfd8 21. Nc1
Kh7 22. Nd3 Nxd3 23. Rxd3 Bb7 24. R3d2 Rc5 25. h3 Bc6 26. Qe3 Qc7 27. g4 Kh8
28. g5 hxg5 29. Qxg5 Nh7 30. Qh4 f6 31. Bh5 g5 32. fxg6 Ng5 33. Rf2 Kg7 34.
Rdf1 Rxc3 35. bxc3 Nxe4 36. Kh2 Qe7 37. Rf5 Rh8 38. Qe1 Qe6 39. Qe2 Nxc3 40.
Qa6 Ne4 41. Qa7+ Qd7 42. Qxb6 Ba8 43. c4 Rc8 44. Bf3 Rxc4 45. Bxe4 Bxe4 46.
Rxf6 Rc2+ 47. R1f2 Rxf2+ 48. Rxf2 Bxg6 49. Qxa5 d5 50. Qa6 Qe7 51. Rg2 Qf7 52.
Qxg6+ Qxg6 53. Rxg6+ Kxg6 54. a5 d4 55. Kg2 e4 56. a6 d3 57. Kf2 Kf5 58. Ke3
1-0

[Event "POL-chT3 Podkarpackie"]
[Site "Pstragowa"]
[Date "2014.05.02"]
[Round "4.15"]
[White "Uryasz, Tomasz"]
[Black "Fistek, Dariusz"]
[Result "1/2-1/2"]
[WhiteElo "1554"]
[BlackElo "2237"]
[PlyCount "118"]
[EventDate "2014.04.30"]
[EventType "team-tourn"]
[EventRounds "9"]
[EventCountry "POL"]
[SourceTitle "OM OTB B 201907"]
[Source "Opening Master"]
[SourceDate "2019.07.06"]
[SourceVersion "2"]
[SourceVersionDate "2019.07.06"]
[SourceQuality "1"]

1. e4 c5 2. Nf3 d6 3. d4 cxd4 4. Nxd4 Nf6 5. Nc3 Nc6 6. Be2 e5 7. Nb3 Be7 8.
O-O a5 9. Nd2 Be6 10. Nc4 Nxe4 11. Nxe4 d5 12. Ned2 dxc4 13. Bxc4 Qc8 14. Bxe6
Qxe6 15. Re1 Rd8 16. c3 O-O 17. Qb3 Qxb3 18. axb3 Rd5 19. Nc4 f5 20. Be3 Rb5
21. Bb6 Bd8 22. Bxd8 Rxd8 23. Ra3 e4 24. Kf1 Kf7 25. Ke2 Kf6 26. Rd1 Rxd1 27.
Kxd1 f4 28. Ke2 Ke6 29. Nd2 Kf5 30. Ra4 Re5 31. Nc4 Rd5 32. Nd2 b5 33. Ra1 Rd3
34. Nxe4 Rd5 35. f3 h6 36. Rd1 Ke5 37. Rxd5+ Kxd5 38. Nf2 a4 39. bxa4 bxa4 40.
Nd3 g5 41. Kd2 Na5 42. g3 Nc4+ 43. Kc2 Ne3+ 44. Kc1 fxg3 45. hxg3 h5 46. Nf2 g4
47. fxg4 hxg4 48. Kd2 Nf1+ 49. Kd3 Nxg3 50. Nxg4 Nh5 51. c4+ Kc5 52. Kc3 Nf4
53. Ne3 Ne2+ 54. Kd2 Nd4 55. Kd3 Nc6 56. Kc3 Ne5 57. b4+ axb3 58. Kxb3 Kd4 59.
c5 Kxc5 1/2-1/2

[Event "Hessen-ch op Seniors 10th"]
[Site "Bad Sooden"]
[Date "2014.04.30"]
[Round "5"]
[White "Gerhards, Walter"]
[Black "Haase, Wolfgang"]
[Result "0-1"]
[WhiteElo "1911"]
[BlackElo "2134"]
[PlyCount "68"]
[EventDate "2014.04.26"]
[EventType "swiss"]
[EventRounds "9"]
[EventCountry "GER"]
[SourceTitle "OM OTB B 201907"]
[Source "Opening Master"]
[SourceDate "2019.07.06"]
[SourceVersion "2"]
[SourceVersionDate "2019.07.06"]
[SourceQuality "1"]

1. e4 c5 2. Nf3 Nc6 3. Nc3 d6 4. d4 cxd4 5. Nxd4 Nf6 6. Be2 e5 7. Nb3 Be6 8.
O-O Be7 9. Bg5 O-O 10. Qd2 Ne8 11. Bxe7 Qxe7 12. Rad1 Rd8 13. f4 exf4 14. Qxf4
Ne5 15. Nd5 Bxd5 16. exd5 Ng6 17. Qf2 Nf6 18. Bd3 Ng4 19. Qe1 Qe3+ 20. Kh1 Qh6
21. Qg3 Ne3 22. Rde1 Nxf1 23. Rxf1 Qh4 24. Qe3 Ne5 25. g3 Qe7 26. Re1 Qd7 27.
Bf1 Rde8 28. Qxa7 Ng4 29. Ra1 Qf5 30. Qd4 Ne3 31. Qd3 Qf2 32. Nd4 Re5 33. Qe2
Qxe2 34. Bxe2 Nxc2 0-1

[Event "Centurion Capablanca IM"]
[Site "Centurion"]
[Date "2014.04.29"]
[Round "5"]
[White "Toma, Katarzyna"]
[Black "Hercules, Benjamin Vincent"]
[Result "1/2-1/2"]
[WhiteElo "2300"]
[BlackElo "2123"]
[PlyCount "143"]
[EventDate "2014.04.25"]
[EventType "tourn"]
[EventRounds "9"]
[EventCountry "RSA"]
[SourceTitle "OM OTB B 201907"]
[Source "Opening Master"]
[SourceDate "2019.07.06"]
[SourceVersion "2"]
[SourceVersionDate "2019.07.06"]
[SourceQuality "1"]

1. e4 c5 2. Nf3 Nc6 3. Nc3 d6 4. d4 cxd4 5. Nxd4 Nf6 6. Be2 e5 7. Nb3 Be7 8.
O-O O-O 9. f4 a5 10. a4 Nb4 11. Bf3 Qb6+ 12. Kh1 Be6 13. f5 Bc4 14. Be2 Qc6 15.
Bxc4 Qxc4 16. Bg5 Rfe8 17. Nd2 Qc6 18. Nf3 Nd7 19. Bxe7 Rxe7 20. Qd2 Nf6 21.
Rad1 Rd8 22. Rfe1 h6 23. h3 b6 24. Qf2 Red7 25. Rd2 Na6 26. Qe2 Nc5 27. Qc4 Rc8
28. b3 Qb7 29. Qb5 Rdd8 30. Rde2 Na6 31. Qd3 Nb4 32. Qd2 Rc5 33. Re3 Qb8 34.
Rc1 Rdc8 35. Nb5 Nxc2 36. Re2 Nd4 37. Rxc5 dxc5 38. Nbxd4 cxd4 39. b4 Qc7 40.
bxa5 bxa5 41. Re1 Nd7 42. Rb1 Qc3 43. Qa2 d3 44. Qd5 Nf6 45. Qb7 Qc7 46. Qxc7
Rxc7 47. Rb8+ Kh7 48. Kh2 Nxe4 49. Rd8 Nc5 50. Nxe5 Nxa4 51. Nxd3 Ra7 52. Ne5
Nc5 53. Rc8 Ne4 54. Rc4 Nd6 55. Ra4 Ra6 56. g4 g6 57. fxg6+ fxg6 58. Kg3 Kg7
59. h4 Nb7 60. Nc4 Rc6 61. Kf3 Rc5 62. Ke3 Rb5 63. Kd4 Rb4 64. Rxb4 axb4 65.
Nb2 Nd6 66. Nd3 b3 67. Kc3 Ne4+ 68. Kxb3 Nf6 69. g5 hxg5 70. hxg5 Ne4 71. Nf4
Nxg5 72. Nxg6 1/2-1/2

[Event "FICS unrated standard game"]
[Site "FICS freechess.org"]
[Date "2014.04.29"]
[Round "?"]
[White "WGMSandu"]
[Black "IMBulmaga"]
[Result "1-0"]
[WhiteElo "2277"]
[BlackElo "2375"]
[PlyCount "87"]
[EventDate "2014.??.??"]

1. e4 c5 2. Nf3 d6 3. d4 cxd4 4. Nxd4 Nf6 5. Nc3 Nc6 6. Be2 e5 7. Nf3 h6 8. O-O
Be7 9. Re1 O-O 10. h3 Be6 11. Bf1 Nb8 12. Nd5 Nxd5 13. exd5 Bf5 14. a4 Nd7 15.
Ra3 Bg6 16. a5 a6 17. c4 Re8 18. b4 e4 19. Nd4 Ne5 20. f4 exf3 21. Nxf3 Bh4 22.
Nxh4 Qxh4 23. g3 Qe7 24. Rae3 Qf6 25. Bg2 Rec8 26. c5 Nc4 27. Rf3 Qa1 28. c6
Rab8 29. Rb3 bxc6 30. dxc6 Qa4 31. Bd5 Ne5 32. Bf4 Rxc6 33. Bxc6 Qxc6 34. Bxe5
dxe5 35. Rxe5 Bc2 36. Qf3 Qd6 37. Rbe3 Rxb4 38. Re8+ Kh7 39. Qxf7 Rb1+ 40. Kh2
Qd1 41. Qg8+ Kg6 42. R8e6+ Kh5 43. Qf7+ g6 44. R6e5+ 1-0

[Event "Managua sub zt 2.3.2 (Women)"]
[Site "Managua"]
[Date "2014.04.28"]
[Round "2"]
[White "Rodriguez Arrieta, Maria Elena"]
[Black "Zavala Galindo, Alejandra Beatri"]
[Result "1-0"]
[WhiteElo "1887"]
[BlackElo "1856"]
[PlyCount "41"]
[EventDate "2014.04.27"]
[EventType "swiss"]
[EventRounds "9"]
[EventCountry "NCA"]
[SourceTitle "OM OTB B 201907"]
[Source "Opening Master"]
[SourceDate "2019.07.06"]
[SourceVersion "2"]
[SourceVersionDate "2019.07.06"]
[SourceQuality "1"]

1. e4 c5 2. Nf3 d6 3. d4 cxd4 4. Nxd4 Nf6 5. Nc3 Nc6 6. Be2 e5 7. Ndb5 a6 8.
Na3 b5 9. Nd5 Be6 10. Nxf6+ Qxf6 11. c4 bxc4 12. Nxc4 Nd4 13. Nb6 Rd8 14. Qa4+
Bd7 15. Nxd7 Rxd7 16. Bxa6 Ke7 17. Be3 g6 18. O-O Ne6 19. Bc8 Rc7 20. Rac1 Nc5
21. Bxc5 1-0

[Event "MEX-ch U26 (Women)"]
[Site "Puebla"]
[Date "2014.04.28"]
[Round "1.7"]
[White "Aquino Flores, Angelica Amaranta"]
[Black "Martha Lureco, Nayeli Aime"]
[Result "1-0"]
[WhiteElo "1855"]
[BlackElo "1341"]
[PlyCount "33"]
[EventDate "2014.04.28"]
[EventType "swiss"]
[EventRounds "6"]
[EventCountry "MEX"]
[SourceTitle "OM OTB B 201907"]
[Source "Opening Master"]
[SourceDate "2019.07.06"]
[SourceVersion "2"]
[SourceVersionDate "2019.07.06"]
[SourceQuality "1"]

1. e4 c5 2. Nf3 Nc6 3. d4 cxd4 4. Nxd4 Nf6 5. Nc3 d6 6. Be2 e5 7. Nb3 Be7 8.
O-O a6 9. a4 h6 10. Be3 O-O 11. Kh1 Be6 12. f3 d5 13. exd5 Nxd5 14. Nxd5 Bxd5
15. Qe1 Qc8 16. Qg3 Kh8 17. Rac1 1-0